000 00318 a2200109 4500
001 ART_52763
005 20260410162047.0
008 260409a
245 1 0 _a¿Nuevas responsabilidades para el empleador?
100 1 _aMastandrea, Alberto F.
773 0 _tImpuestos
_g- N°102 (jun. 2021)
_wREV45175
999 _c35412
_d35412